000
00260nam a2200121Ia 4500
008
190216s9999||||xx |||||||||||||| ||und||
100
_a
Kumaranasan N
245
0
_a
Nalini
260
_b
Rupa & Co.
_c
1988
300
_a
102p
650
_a
Kavithkal
942
_c
BK
999
_c
24248
_d
24248